| 000 | 00629nam a2200205 a 4500 | ||
|---|---|---|---|
| 003 | PILC | ||
| 005 | 20150112093428.0 | ||
| 008 | 100713s19uu xx 00 eng d | ||
| 020 | _a981244503X | ||
| 050 |
_aQA 76.73 _b.D325 2002 |
||
| 100 |
_aDeitel, H.M. _95788 |
||
| 245 |
_aJAVA : _bHow to program / |
||
| 250 | _a4th ed. | ||
| 260 |
_aNew Jersey : _bPearson Education, Inc. : Prentice-Hall, Inc, _c2002. |
||
| 300 |
_a1546 pages : _billustration ; _c22 cm. |
||
| 500 | _aIncludes index. | ||
| 650 |
_aJava programming _xSofeware-programming _xComputer-programming _95789 |
||
| 700 |
_aDeitel, P.J. _95790 |
||
| 942 |
_2lcc _cBK |
||
| 999 |
_c14260 _d14260 |
||